000 00686nam a2200217Ia 4500
001 14182
003 GE_BSU
008 181216s||||||||xx |||||||||||||| ||und||
040 _cGE_BSU
080 _aპერიოდიკა
245 _aInternational review of the Red Cross. Part II.volume 95, number 890. Summer 2013
245 _bViolence against health care.Humanitarian debate: Law,Policy,Action
260 _aCambridge
260 _c2013
300 _a472p.23cm.
653 _aHumanitarian debate: Law,Policy,Action
653 _aInternational review of the Red Cross
653 _aViolence against health care
653 _aნაჩუქარი
942 _cCR
999 _c47321
_d47321